| 000 | 00748nam a2200217 i 4500 | ||
|---|---|---|---|
| 001 | 189642 | ||
| 003 | ES-MaACL | ||
| 005 | 20251015063159.0 | ||
| 008 | 190827s1934 fr |||| | fre d | ||
| 100 | 1 |
_aBrouillette, Benoît, _d1904-1979 _931963 |
|
| 245 | 1 | 3 |
_aLa chasse des animaux à fourrure au Canada / _cBenoît Brouillette ; [préface de Pierre Deffontaines]. |
| 250 | _a4e éd. | ||
| 260 |
_aParis : _bGallimard, _c1934. |
||
| 300 |
_aXVI, 205 p., 25 lám. : _bil. ; _c23 cm. |
||
| 490 | 1 |
_aGéographie humaine ; _v5 |
|
| 650 | 4 |
_aCaza- _zCanadá. _9167965 |
|
| 700 | 1 |
_aDeffontaines, Pierre, _d1894-1978 _943201 |
|
| 830 | 0 |
_aGéographie humaine ; _v5 _9183335 |
|
| 852 |
_aES-MaACL _jP-709-5 |
||
| 999 |
_c189642 _d189642 |
||